Рицар без броня [видео DVD] (Запис номер 219339)
[ съкратено ]
| 000 -Лидер | |
|---|---|
| Лидер | 01789ngm a2200349 a 4500 |
| 003 - Код на организацията, давaща контролен номер | |
| Код на организацията, даваща контролен номер | BLK |
| 005 - Дата и час на последна редакция | |
| Дата и час на последна редакция | 20240925005446.0 |
| 008 - Елементи от данни с фиксирана дължина | |
| Елементи с фиксирана дължина | 180410b bul||n||s|||||||| mlbulo| |
| 010 ## - Наследен системен номер | |
| LC control number | CDD00001670000 |
| 040 ## - Източник на каталожния запис | |
| Код на библиотеката | BLK |
| 041 ## - Код за език | |
| Език | Български |
| Език за КДБФ | Български |
| 080 ## - УДК | |
| УДК текст | Художествени филмови жанрове |
| УДК код | 791.221/.228 |
| УДК – определител | (497.2) |
| УДК – код + определител | 791.221/.228(497.2) |
| 245 10 - Сведения за заглавието | |
| Заглавие | Рицар без броня [видео DVD] |
| Авторска отговорност | сценарист Валери Петров; режисьор Борислав Шаралиев; в ролите Олег Ковачев; оператор Атанас Тасев. |
| 257 ## - Страна на издаване | |
| Страна на създаване/издаване | България |
| 260 ## - Област на издателските данни | |
| Име на издателя | Нац. филмов център |
| Година на издаване | 2005 |
| Място на издаване | София |
| 300 ## - Физическа характеристика | |
| Брой дискове, общо времетраене | (3,51 GB)(1 ч. 18 мин. 19 сек.) |
| Размер | 12 см |
| Съпроводителни материали | 1 брош.(1 л. ; 17Х47 см, сгънат до 17Х12 см |
| 380 ## - Жанр | |
| Жанр | Изкуство |
| 490 ## - СЕРИИ (Колекции) | |
| Серия | DVD колекция Златни български филми |
| Номер в серията | 6 |
| 500 ## - Общи забележки | |
| Обща забележка | Изт. : Загл. екран ; Етикет ; Обложка ; Брош. - Системни изисквания : DVD устройство ; Windows Media Player. - Съдържа и За филма ; За колекцията |
| 590 ## - Забележки на библиотеката, притежаваща документа (RLIN) | |
| Служебно | S.N: 57782 от КНИГИ |
| 653 ## - Ключова дума – ненормативна | |
| 9 (RLIN) | 181193 |
| Ключови думи | Апостол Карамитев |
| 700 ## - Други автори (авторска отговорност) | |
| Друг автор | Петров, Валери |
| Дати, свързани с автора | 1920 - 2014 |
| Пълното име на др. автор | Меворах, Валери Нисим |
| 9 (RLIN) | 363347 |
| 700 1# - Други автори (авторска отговорност) | |
| Друг автор | Шаралиев, Борислав |
| Авт. отговорност на др. автор | режисьор |
| 9 (RLIN) | 142726 |
| 700 1# - Други автори (авторска отговорност) | |
| Друг автор | Ковачев, Олег |
| Авт. отговорност на др. автор | в ролите |
| 9 (RLIN) | 354352 |
| 700 1# - Други автори (авторска отговорност) | |
| Друг автор | Тасев, Атанас |
| Авт. отговорност на др. автор | оператор |
| 9 (RLIN) | 354353 |
| 852 ## - Местоположение | |
| Сигнатура (форматна) | Цб CD 1079 |
| Част | 0 |
| 856 4# - Електронен адрес и достъп | |
| Електронен формат | pdf - файл |
| Път до файла (ресурса) | |
| 856 4# - Електронен адрес и достъп | |
| Електронен формат | pdf - файл |
| Път до файла (ресурса) | |
| 942 ## - АРТИКУЛИ | |
| Вид на библиотечния документ | Компактдискове |
| Скрит в OPAC | Не |
| 944 ## - СЪЗДАВАНЕ И РЕДАКЦИЯ на ЗАПИСА | |
| Създаване/Редакция | Редакция |
| Дата на регистрацията/редакция | 23.05.2024 |
| Служител, извършил регистрацията/редакцията | |
| Номер на служител | CRON CRON |
| 999 ## - СИСТЕМНИ КОНТРОЛНИ НОМЕРА | |
| Koha biblionumber | 219339 |
| Koha biblioitemnumber | 219339 |
| Код за отписване | Код за изгубен артикул | Източник на класификационната схема | Код за повреда | Коз за рестрикции | Код за отдаване | Артикулен № | Име на библиотеката - собственик | Име на библиотеката, в която се намира в момента | Статус (Текущо местоположение) | Дата на вписване в системата | Местоположение - отдел | Цена в лева | Инвентарен номер | Систематично азбучна сигнатура | Баркод | Номер на екземпляра | Цена в евро | Служебна бележка | Служебен тип на артикула |
|---|---|---|---|---|---|---|---|---|---|---|---|---|---|---|---|---|---|---|---|
| Не е изгубен | Universal Decimal Classification | Не е повреден | без рестрикции | заемане за дома | 390803 | Регионална библиотека "Любен Каравелов" Русе | Регионална библиотека "Любен Каравелов" Русе | Отдел Изкуство - подръчен фонд | 2006-12-05 | Отдел Изкуство - подръчен фонд | 0.00 | 250000001883 | 791.221/.228/Р 65 | 250000001883 | 1 | 0.00 | Дост: Dp Вид: Д N: 4 Дата: 04.01.2006 | Компактдискове |